=LDR 00000nam 2200000 4500 =001 INLIS000000000016154 =005 20130612111429 =008 ***********************************Ind** =035 ##$$0010-061300000016154 =041 ##$$a Ind =082 ##$$a 2x4.02 =090 ##$$a 2x4.02, Rom m =100 ##$$a Romli SA =245 ##$$a Muqaramah mazahib fil ushul, Drs. Romli SA, M.Ag =260 ##$$a 1999 $b Jakarta =300 ##$$a VIII-279 hlm., 21 cm =650 ##$$a Ushul Fiqih =850 ##$$a NBPNMAT